Hola Jesús religión católica : el proyecto que te hará conectar con tus alumnos
Gespeichert in:
| Format: | Buch |
|---|---|
| Sprache: | Spanisch |
| Erschienen: |
[S.l.] :
SM : PPC,
2011?
|
| Katalog: | MANES: Suchergebnis im Bibliothekskatalog |
| Schulbuchspezifische Eigenschaften: |
|
| Schriftenreihe: | Proyecto Conecta 2.0
|
| Schlagworte: | |
| Tags: |
Tag hinzufügen
Keine Tags, Fügen Sie den ersten Tag hinzu!
|
| Hinzugefügt zu: | 20.09.2011 |
| Geändert in: | 07.05.2025 |
MARC
| LEADER | 00000cam a22000005b 4500 | ||
|---|---|---|---|
| 005 | 20250507134542.0 | ||
| 008 | 110921d2011 esp q 00| ||spa d | ||
| 040 | |a uned |b spa |c entro-manes | ||
| 245 | 0 | 0 | |a Hola Jesús |h [Recursos electrónico] : |b religión católica : el proyecto que te hará conectar con tus alumnos |
| 260 | |a [S.l.] : |b SM : |b PPC, |c 2011? | ||
| 300 | |a 1 disco compacto (CD) | ||
| 490 | 0 | |a Proyecto Conecta 2.0 | |
| 500 | |a CD Muestra recursos didácticos | ||
| 546 | |a España | ||
| 561 | |5 es-BUNED |3 L.T.M. 2243 |a España. Fondo Manes UNED |k MANES | ||
| 650 | 7 | |a Enseñanza religiosa | |
| 690 | 0 | |a RyM | |
| 691 | 0 | |a PRI | |
| 942 | |2 ddc |c BK | ||
| 999 | |c 97092 |d 97092 | ||
| 999 | |c manes:97092 |d 97092 | ||